Japan, its history, arts, and literature

This book introduce about financial and economical conditions. Japan's foreign politics, steps of progress, creed and caste, religion and rites.

Salvato in:
Dettagli Bibliografici
Autore principale: Brinkley, Captain F.
Natura: Libro
Lingua:Undetermined
Pubblicazione: Boston J. B. Millet Co. 1902
Soggetti:
Tags: Aggiungi Tag
Nessun Tag, puoi essere il primo ad aggiungerne! !
Thư viện lưu trữ: Trung tâm Học liệu Trường Đại học Cần Thơ
LEADER 00698nam a2200205Ia 4500
001 CTU_231929
008 210402s9999 xx 000 0 und d
082 |a 952 
082 |b B858/Vol.5 
100 |a Brinkley, Captain F. 
245 0 |a Japan, its history, arts, and literature 
245 0 |c Captain F. Brinkley 
260 |a Boston 
260 |b J. B. Millet Co. 
260 |c 1902 
520 |a This book introduce about financial and economical conditions. Japan's foreign politics, steps of progress, creed and caste, religion and rites. 
650 |a Nhật Bản,Japan 
650 |x Lịch sử,History 
910 |b dqhieu 
980 |a Trung tâm Học liệu Trường Đại học Cần Thơ